Специализированный гибридный процессор для всережимного моделирования в реальном времени статических синхронных компенсаторов; Известия Томского политехнического университета [Известия ТПУ]; Т. 321, № 4 : Энергетика

Podrobná bibliografie
Parent link:Известия Томского политехнического университета [Известия ТПУ]/ Томский политехнический университет (ТПУ).— , 2000-
Т. 321, № 4 : Энергетика.— 2012.— [С. 101-106]
Další autoři: Васильев А. С. Алексей Сергеевич, Боровиков Ю. С. Юрий Сергеевич, Гусев А. С. Александр Сергеевич, Сулайманов А. О. Алмаз Омурзакович
Shrnutí:Заглавие с титульного листа
Электронная версия печатной публикации
Приведены результаты разработки и тестового компьютерного моделирования специализированного гибридного процессора статического синхронного компенсатора, предназначенного для аналогичных средств всережимного моделирования в реальном времени обычных и активно-адаптивных электрических сетей.
Jazyk:ruština
Vydáno: 2012
Edice:Энергетика
Témata:
On-line přístup:http://earchive.tpu.ru/bitstream/11683/4467/1/bulletin_tpu-2012-321-4-23.pdf
Médium: MixedMaterials Elektronický zdroj Kapitola
KOHA link:https://koha.lib.tpu.ru/cgi-bin/koha/opac-detail.pl?biblionumber=231690

MARC

LEADER 00000nla2a2200000 4500
001 231690
005 20240201094709.0
035 |a (RuTPU)RU\TPU\book\252713 
035 |a RU\TPU\book\252711 
090 |a 231690 
100 |a 20130205d2012 k y0rusy50 ca 
101 0 |a rus 
102 |a RU 
135 |a drnn ---uucaa 
181 0 |a i  
182 0 |a b 
200 1 |a Специализированный гибридный процессор для всережимного моделирования в реальном времени статических синхронных компенсаторов  |f А. С. Васильев [и др.] 
203 |a Текст  |c электронный 
215 |a 1 файл (2.1 Мб) 
225 1 |a Энергетика 
300 |a Заглавие с титульного листа 
300 |a Электронная версия печатной публикации 
320 |a [Библиогр.: с. 106 (3 назв.)] 
330 |a Приведены результаты разработки и тестового компьютерного моделирования специализированного гибридного процессора статического синхронного компенсатора, предназначенного для аналогичных средств всережимного моделирования в реальном времени обычных и активно-адаптивных электрических сетей. 
337 |a Adobe Reader 
461 1 |0 (RuTPU)RU\TPU\book\176237  |t Известия Томского политехнического университета [Известия ТПУ]  |f Томский политехнический университет (ТПУ)  |d 2000- 
463 1 |0 (RuTPU)RU\TPU\book\251719  |x 1684-8519  |t Т. 321, № 4 : Энергетика  |v [С. 101-106]  |d 2012  |p 204 с. 
610 1 |a статические компенсаторы 
610 1 |a синхронные компенсаторы 
610 1 |a математическая модель 
610 1 |a гибридные процессоры 
610 1 |a всережимное бездекомпозиционное моделирование 
610 1 |a непрерывность 
610 1 |a реальное время 
610 1 |a компьютерное моделирование 
610 1 |a труды учёных ТПУ 
610 1 |a электронный ресурс 
701 1 |a Васильев  |b А. С.  |c специалист в области электроэнергетики  |c доцент Томского политехнического университета, кандидат технических наук  |f 1986-  |g Алексей Сергеевич  |3 (RuTPU)RU\TPU\pers\30301  |4 070  |9 14647 
701 1 |a Боровиков  |b Ю. С.  |c специалист в области электроэнергетики  |c проректор-директор Энергетического института Томского политехнического университета, кандидат технических наук  |f 1978-  |g Юрий Сергеевич  |3 (RuTPU)RU\TPU\pers\27067 
701 1 |a Гусев  |b А. С.  |c специалист в области электроэнергетики  |c профессор Томского политехнического университета  |f 1947-  |g Александр Сергеевич  |3 (RuTPU)RU\TPU\pers\26725  |4 070 
701 1 |a Сулайманов  |b А. О.  |c специалист в области электроэнергетики  |c доцент Томского политехнического университета, кандидат технических наук  |f 1967-  |g Алмаз Омурзакович  |3 (RuTPU)RU\TPU\pers\25326  |4 070  |9 11308 
801 1 |a RU  |b 63413507  |c 20090623  |g PSBO 
801 2 |a RU  |b 63413507  |c 20220124  |g PSBO 
856 4 |u http://earchive.tpu.ru/bitstream/11683/4467/1/bulletin_tpu-2012-321-4-23.pdf 
942 |c CF